[Event "Vellmar op-A 4th"]
[Site "Vellmar"]
[Date "2012.07.28"]
[Round "4"]
[White "Weber, Andreas"]
[Black "Van Dyck, Marc"]
[Result "1/2-1/2"]
[WhiteElo "1881"]
[BlackElo "1983"]
[PlyCount "57"]
[EventDate "2012.07.26"]
[EventType "swiss"]
[EventRounds "7"]
[EventCountry "GER"]
[SourceTitle "EXT 2014"]
[Source "ChessBase"]
[SourceDate "2013.11.20"]
[SourceVersion "1"]
[SourceVersionDate "2013.11.20"]
[SourceQuality "1"]

1. e4 c5 2. d4 cxd4 3. c3 dxc3 4. Nxc3 e6 5. Nf3 a6 6. Bc4 Ne7 7. Bg5 f6 8. Be3 Ng6 9. 0-0 Nc6 10. Nd5 exd5 11. exd5 Nce5 12. Nxe5 Nxe5 13. Re1 d6 14. f4 Bg4 15. Qb3 b5 16. Bf1 Be7 17. fxe5 fxe5 18. Bd3 0-0 19. Qc2 h6 20. h3 Bd7 21. Rf1 Bg5 22. Rxf8+ Kxf8 23. Rf1+ Kg8 24. Qe2 Bxe3+ 25. Qxe3 Qh4 26. g4 Bxg4 27. Qe4 Qg3+ 28. Kh1 Qxh3+ 29. Kg1 1/2-1/2

[Event "BEL-ch op"]
[Site "Geel"]
[Date "1999.08.??"]
[Round "3.3"]
[White "Lavrenov, Yuli"]
[Black "Van Dyck, Marc"]
[Result "1-0"]
[WhiteElo "2202"]
[BlackElo "2003"]
[PlyCount "147"]
[EventDate "1999.08.21"]
[EventType "swiss"]
[EventRounds "9"]
[EventCountry "BEL"]
[SourceTitle "EXT 2021"]
[Source "ChessBase"]
[SourceDate "2020.10.23"]
[SourceVersion "1"]
[SourceVersionDate "2020.10.23"]
[SourceQuality "1"]

1. d4 f5 2. g3 Nf6 3. Bg2 e6 4. Nf3 d5 5. 0-0 Be7 6. c4 c6 7. b3 0-0 8. Ba3 Bxa3 9. Nxa3 Qe7 10. Qc1 Nbd7 11. Qb2 Ne4 12. Nc2 Ng5 13. Nce1 Nf7 14. Nd3 Re8 15. e3 dxc4 16. bxc4 e5 17. Nfxe5 Ndxe5 18. Nxe5 Nxe5 19. dxe5 Qxe5 20. Qxe5 Rxe5 21. Rfd1 Re8 22. Rab1 Kf8 23. h4 Ke7 24. f4 Rd8 25. Rd4 Rd6 26. c5 Re6 27. e4 g6 28. e5 b6 29. Rd6 Bd7 30. Rxe6+ Bxe6 31. Bxc6 Rd8 32. cxb6 axb6 33. Rxb6 Rd1+ 34. Kf2 Rd2+ 35. Ke3 Rxa2 36. Rb7+ Kf8 37. Rxh7 Ra3+ 38. Kf2 Rc3 39. Bb7 Rc2+ 40. Kg1 Rb2 41. Rc7 Rd2 42. Rc3 Rb2 43. Bf3 Rd2 44. h5 gxh5 45. Bxh5 Rb2 46. Bf3 Rd2 47. Re3 Ke7 48. Re2 Rd4 49. Kg2 Rd8 50. Kf2 Bc4 51. Rc2 Be6 52. Rc7+ Kf8 53. Ke3 Rb8 54. Be2 Rb3+ 55. Bd3 Rb4 56. g4 Rb3 57. Kd4 Rb4+ 58. Kc5 Rxf4 59. Kd6 Ba2 60. Bxf5 Rd4+ 61. Kc6 Rc4+ 62. Kb6 Rb4+ 63. Ka5 Rd4 64. Kb5 Rd1 65. Rc2 Bb3 66. Rc3 Ba2 67. Ra3 Rd2 68. Kc6 Bc4 69. Ra8+ Ke7 70. Ra7+ Kf8 71. e6 Re2 72. Kd6 Rd2+ 73. Ke5 Bb3 74. Kf6 1-0

[Event "BEL-ch op"]
[Site "Geel"]
[Date "1999.08.??"]
[Round "8.4"]
[White "Van Dyck, Marc"]
[Black "Renette, Hans"]
[Result "0-1"]
[WhiteElo "2003"]
[BlackElo "2173"]
[PlyCount "84"]
[EventDate "1999.08.21"]
[EventType "swiss"]
[EventRounds "9"]
[EventCountry "BEL"]
[SourceTitle "EXT 2021"]
[Source "ChessBase"]
[SourceDate "2020.10.23"]
[SourceVersion "1"]
[SourceVersionDate "2020.10.23"]
[SourceQuality "1"]

1. e4 Nc6 2. Nc3 Nf6 3. d3 d5 4. exd5 Nxd5 5. Bd2 e5 6. g3 Be6 7. Bg2 Bc5 8. Nf3 f6 9. 0-0 Qd7 10. Re1 a6 11. a3 0-0-0 12. Ne4 Ba7 13. b4 h6 14. Nc5 Bxc5 15. bxc5 Bh3 16. Rb1 Bxg2 17. Kxg2 Rde8 18. c4 Nde7 19. Bc3 Nf5 20. Qb3 Nd8 21. Bxe5 fxe5 22. Nxe5 Rxe5 23. Rxe5 Qc6+ 24. f3 Rf8 25. Rf1 g5 26. Re4 Qxc5 27. d4 Qc6 28. Qb4 Qxe4 29. fxe4 Ne3+ 30. Kh3 Rxf1 31. Qd2 Rf3 32. Qe2 Ne6 33. Qxf3 g4+ 34. Qxg4 Nxg4 35. Kxg4 Nxd4 36. Kh5 b5 37. cxb5 axb5 38. Kxh6 c5 39. g4 c4 40. g5 c3 41. g6 Ne6 42. h4 c2 0-1